Pružný pracovný čas

Jednotlivé zložky pružného pracovného času. Úprava pracovnej cesty a pružný pracovný čas. Pružný pracovný čas - nadčasová práca a prekážky v práci.

Gespeichert in:
Bibliographische Detailangaben
1. Verfasser: Hrtánek, Ladislav
Format: Buchkapitel
Sprache:Slowakisch
Schlagworte:
Tags: Tag hinzufügen
Keine Tags, Fügen Sie das erste Tag hinzu!

MARC

LEADER 00000naa a2200000 4500
001 0278673
005 20210923080401.3
041 0 |a slo 
044 |a SK 
245 1 0 |a Pružný pracovný čas  |c Ladislav Hrtánek 
520 |a Jednotlivé zložky pružného pracovného času. Úprava pracovnej cesty a pružný pracovný čas. Pružný pracovný čas - nadčasová práca a prekážky v práci. 
610 2 0 |a čas pracovný 
610 2 0 |a organizácia práce 
610 2 0 |a zamestnanci 
610 2 0 |a zamestnávatelia 
610 2 0 |a cesty pracovné 
610 2 0 |a nadpráca 
610 2 0 |a prekážky v práci 
100 1 |a Hrtánek, Ladislav